On the existence of an equilibrium for an aggregate model of stationary Markov economy.

Úvahy o dynamickej ekonómii s neurčitosťou. Začlenenie výroby a akumulácie kapitálu do modelu stacionárnej ekonómie. Model ako rozšírenie hodnotovo-cenového modelu Lucasovho. Overenie existencie rovnováhy v agregovanom modeli s identickými spotrebiteľmi. Všeobecný ekonomický model s mnohými spotrebi...

Full description

Saved in:
Bibliographic Details
Main Author: Takekuma, S.-I
Format: Book Chapter
Language:English
Subjects:
Tags: Add Tag
No Tags, Be the first to tag this record!

MARC

LEADER 00000naa a2200000 4500
001 r003665
005 20220819194419.9
041 0 |a eng 
044 |a JP 
245 1 0 |a On the existence of an equilibrium for an aggregate model of stationary Markov economy.  |c S.-I. Takekuma 
520 |a Úvahy o dynamickej ekonómii s neurčitosťou. Začlenenie výroby a akumulácie kapitálu do modelu stacionárnej ekonómie. Model ako rozšírenie hodnotovo-cenového modelu Lucasovho. Overenie existencie rovnováhy v agregovanom modeli s identickými spotrebiteľmi. Všeobecný ekonomický model s mnohými spotrebiteľmi a niekoľkými firmami. Rovnováha pre model všeobecnej ekonómie. 
610 2 0 |a rovnováha hospodárska 
610 2 0 |a agregácia 
610 2 0 |a výroba 
610 2 0 |a akumulácia kapitálu 
610 2 0 |a modely ekonomické 
610 2 0 |a spotrebitelia 
610 2 0 |a firmy 
100 1 |a Takekuma, S.-I.